Least Populous English Counties - Statistics

General Stats
  • This quiz has been taken 15 times
  • The average score is 7 of 10
Answer Stats
Population County % Correct
577,694 Cornwall
100%
188,719 Herefordshire
93%
503,033 Cumbria
79%
41,151 Rutland
79%
10,847 City of London
71%
140,794 Isle of Wight
71%
324,362 Northumberland
71%
516,049 Shropshire
71%
479,024 Bristol
64%
607,604 Warwickshire
29%
No matching quizzes found
Score Distribution
Percent of People with Each Score
Percentile by Number Answered
Your Score History
You have not taken this quiz